000
00305nam a2200133Ia 4500
008
191201s2012 xx 000 0 und d
082
_a
004.678
_b
KAM
100
_a
KAMAL,Raj
245
0
_a
Mobile Computing
260
_a
N. Delhi
_b
Oxford
_c
2012
300
_a
627
650
_a
M.Tech(CSE)
942
_2
ddc
_c
BK
999
_c
5770
_d
5770